000 00724nam a22002177a 4500
999 _c6485
_d6485
003 AR-CdUCM
008 190318b ||||| |||| 00| 0 spa d
040 _aMUNICIPALIDAD PROVINCIAL DEL CUSCO
_cBIBLIOTECA MUNICIPAL DEL CUSCO
082 _a050 /
_bAL44
245 _aAlmanaque Universal Navarrete 1999 /
260 _aLima :
_bNavarrete ;
_c1991.
300 _a704 páginas ;
_bFotografías, ilustraciones, tablas
_c20cm
505 _aContenido: Cuadros estadísticos actualizados -- Récords mundiales y olímpicos
650 _aAlmanaque
_918315
650 _aPaíses
_918332
650 _a1992
_918380
650 _aGeografía
_9318
710 _aEditorial Navarrete
_918381
942 _2ddc
_cLIBROS
945 _anom